[Event "MSR_ch20"]
[Site "?"]
[Date "2024.04.08"]
[Round "5.9"]
[White "Salgovic, Simon"]
[Black "Turis, Ondrej"]
[Result "1-0"]
[BlackElo "1866"]
[WhiteElo "2059"]
[LiveChessVersion "1.4.8"]

1. e4 {[%clk 1:30:58]} c5 {[%clk 1:30:53]} 2. Nf3 {[%clk 1:31:15]} Nc6
{[%clk 1:31:19]} 3. Bb5 {[%clk 1:31:38]} Nf6 {[%clk 1:31:40]} 4. d3
{[%clk 1:28:44]} g6 {[%clk 1:31:59]} 5. O-O {[%clk 1:28:32]} Bg7 {[%clk 1:32:24]}
6. Bxc6 {[%clk 1:27:54]} dxc6 {[%clk 1:32:36]} 7. h3 {[%clk 1:26:44]} O-O
{[%clk 1:32:55]} 8. Re1 {[%clk 1:25:45]} Qc7 {[%clk 1:25:28]} 9. e5
{[%clk 1:21:09]} Nd5 {[%clk 1:25:50]} 10. a4 {[%clk 1:16:31]} a5 {[%clk 1:25:48]}
11. Na3 {[%clk 1:13:11]} h6 {[%clk 1:14:34]} 12. Bd2 {[%clk 1:02:59]} Be6
{[%clk 1:14:50]} 13. Qe2 {[%clk 1:02:05]} Rfd8 {[%clk 0:49:57]} 14. Rad1
{[%clk 0:44:14]} Nb4 {[%clk 0:49:09]} 15. Bf4 {[%clk 0:41:14]} Rd7
{[%clk 0:43:58]} 16. d4 {[%clk 0:38:22]} Rad8 {[%clk 0:42:53]} 17. dxc5
{[%clk 0:26:01]} Rd5 {[%clk 0:41:59]} 18. Rxd5 {[%clk 0:22:16]} Rxd5
{[%clk 0:42:08]} 19. Qe3 {[%clk 0:22:05]} g5 {[%clk 0:37:38]} 20. Bg3
{[%clk 0:17:34]} Qd8 {[%clk 0:34:01]} 21. c3 {[%clk 0:06:52]} Nd3
{[%clk 0:32:22]} 22. Re2 {[%clk 0:06:17]} Nxc5 {[%clk 0:16:47]} 23. Nd4
{[%clk 0:05:45]} Bc8 {[%clk 0:16:55]} 24. b3 {[%clk 0:01:19]} Ne6
{[%clk 0:15:08]} 25. Nac2 {[%clk 0:01:02]} c5 {[%clk 0:12:03]} 26. Nb5
{[%clk 0:00:36]} b6 {[%clk 0:11:10]} 27. Nca3 {[%clk 0:00:34]} Bb7
{[%clk 0:10:52]} 28. Re1 {[%clk 0:00:50]} Rd3 {[%clk 0:08:54]} 29. Qe2
{[%clk 0:00:37]} Qd5 {[%clk 0:05:34]} 30. f3 {[%clk 0:00:36]} Nf4
{[%clk 0:03:19]} 31. Bxf4 {[%clk 0:01:00]} gxf4 {[%clk 0:03:42]} 32. Nc4
{[%clk 0:01:07]} Qd8 {[%clk 0:03:42]} 33. Nbd6 {[%clk 0:00:37]} Rxc3
{[%clk 0:02:15]} 34. Nxb7 {[%clk 0:00:51]} Qd4+ {[%clk 0:02:21]} 35. Kh2
{[%clk 0:00:48]} Rxb3 {[%clk 0:02:27]} 36. Rd1 {[%clk 0:00:37]} Qc3
{[%clk 0:02:14]} 37. Rd8+ {[%clk 0:00:32]} Kh7 {[%clk 0:02:37]} 38. Qe4+
{[%clk 0:00:57]} 1-0

[Event "MSR_ch20"]
[Site "?"]
[Date "2024.04.08"]
[Round "5.10"]
[White "Rak, Martin"]
[Black "Libich, Simon"]
[Result "0-1"]
[BlackElo "1891"]
[WhiteElo "2221"]
[LiveChessVersion "1.4.8"]

1. e4 {[%clk 1:30:56]} c5 {[%clk 1:30:12]} 2. Nf3 {[%clk 1:31:20]} d6
{[%clk 1:30:39]} 3. d4 {[%clk 1:31:47]} cxd4 {[%clk 1:31:06]} 4. Nxd4
{[%clk 1:32:13]} Nf6 {[%clk 1:31:32]} 5. Nc3 {[%clk 1:32:41]} a6 {[%clk 1:31:59]}
6. Be2 {[%clk 1:31:36]} e5 {[%clk 1:29:03]} 7. Nb3 {[%clk 1:31:56]} Be6
{[%clk 1:29:10]} 8. Bg5 {[%clk 1:30:09]} Be7 {[%clk 1:27:19]} 9. Qd2
{[%clk 1:28:46]} Nbd7 {[%clk 1:24:14]} 10. O-O-O {[%clk 1:27:25]} b5
{[%clk 1:20:13]} 11. Bxf6 {[%clk 1:23:52]} Nxf6 {[%clk 1:17:00]} 12. Kb1
{[%clk 1:19:56]} b4 {[%clk 1:12:04]} 13. Nd5 {[%clk 1:17:47]} Nxe4
{[%clk 1:07:41]} 14. Qe3 {[%clk 1:17:55]} Bxd5 {[%clk 1:06:40]} 15. Rxd5
{[%clk 1:18:09]} Nf6 {[%clk 1:06:22]} 16. Ra5 {[%clk 1:17:16]} Qc7
{[%clk 1:04:55]} 17. Bb5+ {[%clk 1:11:11]} Nd7 {[%clk 1:01:40]} 18. Rd1
{[%clk 1:07:04]} O-O {[%clk 0:59:43]} 19. Bxd7 {[%clk 1:05:03]} Qxd7
{[%clk 1:00:07]} 20. Rxe5 {[%clk 1:04:34]} Bf6 {[%clk 0:59:22]} 21. Red5
{[%clk 1:03:17]} Rfc8 {[%clk 0:49:49]} 22. Qe4 {[%clk 0:48:10]} Qc7
{[%clk 0:39:22]} 23. Rxd6 {[%clk 0:45:25]} a5 {[%clk 0:38:48]} 24. Rd7
{[%clk 0:37:37]} Qxh2 {[%clk 0:35:04]} 25. Qd5 {[%clk 0:35:54]} a4
{[%clk 0:27:36]} 26. Na5 {[%clk 0:28:31]} Qf4 {[%clk 0:22:06]} 27. Nc6
{[%clk 0:19:29]} b3 {[%clk 0:15:43]} 28. axb3 {[%clk 0:18:37]} axb3
{[%clk 0:15:47]} 29. Qxb3 {[%clk 0:17:37]} h6 {[%clk 0:13:39]} 30. Rxf7
{[%clk 0:15:56]} Kh7 {[%clk 0:12:30]} 31. Qd3+ {[%clk 0:13:48]} Kg8
{[%clk 0:10:44]} 32. Qd5 {[%clk 0:13:35]} Kh7 {[%clk 0:10:30]} 33. Qd3+
{[%clk 0:13:55]} Kg8 {[%clk 0:10:51]} 34. Qd5 {[%clk 0:14:22]} Kh7
{[%clk 0:11:12]} 35. Nd4 {[%clk 0:12:39]} Rd8 {[%clk 0:09:14]} 36. Rd7
{[%clk 0:12:20]} Rxd7 {[%clk 0:09:02]} 37. Qxd7 {[%clk 0:12:40]} Rd8
{[%clk 0:08:42]} 38. Qxd8 {[%clk 0:11:33]} Bxd8 {[%clk 0:09:04]} 39. Ne6
{[%clk 0:11:57]} Qf6 {[%clk 0:07:21]} 40. Nxd8 {[%clk 0:12:10]} Qxf2
{[%clk 0:07:09]} 41. b4 {[%clk 0:08:16]} Qxg2 {[%clk 0:06:31]} 42. Rd3
{[%clk 0:06:47]} Qe4 {[%clk 0:28:33]} 43. Rb3 {[%clk 0:31:32]} Qd5
{[%clk 0:23:18]} 44. Rd3 {[%clk 0:31:58]} Qc4 {[%clk 0:23:17]} 45. Rb3
{[%clk 0:32:14]} Qf1+ {[%clk 0:22:15]} 46. Ka2 {[%clk 0:32:05]} Qd1
{[%clk 0:22:30]} 47. Nb7 {[%clk 0:20:41]} Qxc2+ {[%clk 0:22:37]} 48. Ka3
{[%clk 0:21:08]} Qc7 {[%clk 0:21:23]} 49. Na5 {[%clk 0:21:10]} g5
{[%clk 0:18:46]} 50. Ka4 {[%clk 0:21:22]} Qf4 {[%clk 0:07:32]} 51. Rc3
{[%clk 0:21:02]} g4 {[%clk 0:07:35]} 52. Rc4 {[%clk 0:21:25]} Qd6
{[%clk 0:07:48]} 53. b5 {[%clk 0:20:15]} g3 {[%clk 0:07:53]} 54. Rc6
{[%clk 0:20:42]} Qd1+ {[%clk 0:07:10]} 55. Nb3 {[%clk 0:20:58]} g2
{[%clk 0:05:57]} 56. b6 {[%clk 0:20:12]} g1=Q {[%clk 0:05:53]} 57. Rc7+
{[%clk 0:20:40]} Kg6 {[%clk 0:06:12]} 58. Rc6+ {[%clk 0:20:53]} Kh5
{[%clk 0:06:09]} 59. Rc3 {[%clk 0:21:15]} Qxb6 {[%clk 0:06:00]} 60. Rc5+
{[%clk 0:21:37]} Kg6 {[%clk 0:05:34]} 0-1

[Event "MSR_ch20"]
[Site "?"]
[Date "2024.04.08"]
[Round "5.11"]
[White "Rakovsky, Jakub"]
[Black "Babjak, Samuel"]
[Result "1-0"]
[BlackElo "1870"]
[WhiteElo "2069"]
[LiveChessVersion "1.4.8"]

1. e4 {[%clk 1:30:56]} e6 {[%clk 1:30:52]} 2. d4 {[%clk 1:30:36]} d5
{[%clk 1:31:15]} 3. exd5 {[%clk 1:30:09]} exd5 {[%clk 1:31:37]} 4. Nf3
{[%clk 1:30:13]} Nf6 {[%clk 1:31:16]} 5. Bd3 {[%clk 1:29:30]} Bd6
{[%clk 1:29:54]} 6. O-O {[%clk 1:27:38]} O-O {[%clk 1:30:17]} 7. Re1
{[%clk 1:27:16]} h6 {[%clk 1:26:59]} 8. Nbd2 {[%clk 1:26:56]} Bg4
{[%clk 1:25:29]} 9. Nf1 {[%clk 1:25:23]} Nc6 {[%clk 1:20:57]} 10. c3
{[%clk 1:24:01]} Ne7 {[%clk 1:15:07]} 11. Ne3 {[%clk 1:13:46]} Bh5
{[%clk 1:07:25]} 12. h3 {[%clk 1:03:38]} Bg6 {[%clk 0:59:59]} 13. Bxg6
{[%clk 0:56:54]} Nxg6 {[%clk 1:00:06]} 14. Nf5 {[%clk 0:56:15]} Qd7
{[%clk 0:49:00]} 15. Qc2 {[%clk 0:44:46]} Rfe8 {[%clk 0:44:04]} 16. Be3
{[%clk 0:42:22]} Ne4 {[%clk 0:40:00]} 17. Nxd6 {[%clk 0:34:39]} Qxd6
{[%clk 0:39:01]} 18. c4 {[%clk 0:32:02]} c6 {[%clk 0:35:02]} 19. c5
{[%clk 0:28:23]} Qf6 {[%clk 0:32:28]} 20. b4 {[%clk 0:25:54]} Nh4
{[%clk 0:23:44]} 21. Nxh4 {[%clk 0:20:04]} Qxh4 {[%clk 0:24:07]} 22. f3
{[%clk 0:16:11]} Ng5 {[%clk 0:23:12]} 23. Qf2 {[%clk 0:08:57]} Qh5
{[%clk 0:21:35]} 24. Qg3 {[%clk 0:05:40]} Qg6 {[%clk 0:19:20]} 25. h4
{[%clk 0:03:22]} Ne6 {[%clk 0:19:12]} 26. Qxg6 {[%clk 0:03:42]} fxg6
{[%clk 0:19:34]} 27. a4 {[%clk 0:02:56]} a6 {[%clk 0:19:07]} 28. Kf2
{[%clk 0:02:32]} Kf7 {[%clk 0:15:32]} 29. Rab1 {[%clk 0:02:31]} Kf6
{[%clk 0:15:21]} 30. Re2 {[%clk 0:01:52]} g5 {[%clk 0:14:37]} 31. hxg5+
{[%clk 0:01:53]} Nxg5 {[%clk 0:14:35]} 32. Rbe1 {[%clk 0:01:32]} Ne6
{[%clk 0:12:43]} 33. Bf4 {[%clk 0:01:42]} Re7 {[%clk 0:12:11]} 34. Be5+
{[%clk 0:01:36]} Kf7 {[%clk 0:11:54]} 35. Bxg7 {[%clk 0:01:42]} Kxg7
{[%clk 0:11:28]} 36. Rxe6 {[%clk 0:02:07]} Rf7 {[%clk 0:11:54]} 37. Re7
{[%clk 0:01:10]} Rg8 {[%clk 0:11:33]} 38. R1e6 {[%clk 0:01:15]} Rh8
{[%clk 0:11:48]} 39. g4 {[%clk 0:00:47]} Rhf8 {[%clk 0:12:03]} 40. Rxf7+
{[%clk 0:01:09]} Rxf7 {[%clk 0:12:28]} 41. Kg3 {[%clk 0:01:23]} Rd7
{[%clk 0:12:00]} 42. f4 {[%clk 0:01:33]} Rf7 {[%clk 0:12:10]} 43. f5
{[%clk 0:01:23]} Rd7 {[%clk 0:11:32]} 44. Kh4 {[%clk 0:01:32]} 1-0

[Event "MSR_ch20"]
[Site "?"]
[Date "2024.04.08"]
[Round "5.12"]
[White "Janik, Marek Tobias"]
[Black "Straka, Simon"]
[Result "1-0"]
[BlackElo "2025"]
[WhiteElo "1885"]
[LiveChessVersion "1.4.8"]

1. e4 {[%clk 1:30:57]} c5 {[%clk 1:30:39]} 2. Nf3 {[%clk 1:31:21]} d6
{[%clk 1:31:05]} 3. d4 {[%clk 1:31:47]} cxd4 {[%clk 1:31:30]} 4. Nxd4
{[%clk 1:32:13]} Nf6 {[%clk 1:31:50]} 5. Nc3 {[%clk 1:32:36]} a6 {[%clk 1:32:15]}
6. f3 {[%clk 1:32:58]} e5 {[%clk 1:31:40]} 7. Nb3 {[%clk 1:33:21]} Be6
{[%clk 1:31:08]} 8. Be3 {[%clk 1:33:43]} Be7 {[%clk 1:31:25]} 9. Qd2
{[%clk 1:33:10]} Nbd7 {[%clk 1:31:25]} 10. g4 {[%clk 1:32:13]} b5
{[%clk 1:31:04]} 11. g5 {[%clk 1:32:12]} Nh5 {[%clk 1:30:33]} 12. O-O-O
{[%clk 1:30:11]} O-O {[%clk 1:30:14]} 13. Kb1 {[%clk 1:29:26]} Nb6
{[%clk 1:24:27]} 14. Na5 {[%clk 1:15:59]} Qc7 {[%clk 1:24:18]} 15. Rg1
{[%clk 1:07:35]} g6 {[%clk 1:21:13]} 16. Qf2 {[%clk 0:49:38]} Rfb8
{[%clk 0:56:03]} 17. Qe1 {[%clk 0:34:35]} b4 {[%clk 0:36:53]} 18. Nd5
{[%clk 0:32:35]} Nxd5 {[%clk 0:36:47]} 19. exd5 {[%clk 0:32:59]} Qxa5
{[%clk 0:30:44]} 20. dxe6 {[%clk 0:33:23]} fxe6 {[%clk 0:30:55]} 21. Bh3
{[%clk 0:25:03]} Ng7 {[%clk 0:30:56]} 22. f4 {[%clk 0:23:44]} e4 {[%clk 0:17:31]}
23. Bd4 {[%clk 0:22:32]} d5 {[%clk 0:07:37]} 24. Bxg7 {[%clk 0:22:15]} Kxg7
{[%clk 0:08:03]} 25. Bxe6 {[%clk 0:22:39]} Rb5 {[%clk 0:05:13]} 26. f5
{[%clk 0:16:11]} Bd6 {[%clk 0:02:11]} 27. Qh4 {[%clk 0:14:39]} Ra7
{[%clk 0:01:41]} 28. fxg6 {[%clk 0:14:45]} Kh8 {[%clk 0:02:05]} 29. Rgf1
{[%clk 0:08:24]} Rg7 {[%clk 0:02:08]} 30. Rf7 {[%clk 0:08:45]} Rb7
{[%clk 0:02:19]} 31. Rdf1 {[%clk 0:08:11]} Qd8 {[%clk 0:02:25]} 32. Qh6
{[%clk 0:07:56]} Rbxf7 {[%clk 0:00:32]} 33. Rxf7 {[%clk 0:08:19]} Be5
{[%clk 0:30:30]} 1-0

[Event "MSR_ch20"]
[Site "?"]
[Date "2024.04.08"]
[Round "5.13"]
[White "Koska, Jiri"]
[Black "Oslej, Marek"]
[Result "1-0"]
[BlackElo "1806"]
[WhiteElo "2024"]
[LiveChessVersion "1.4.8"]

1. Nf3 {[%clk 1:30:58]} e6 {[%clk 1:30:55]} 2. c4 {[%clk 1:31:00]} c5
{[%clk 1:30:58]} 3. Nc3 {[%clk 1:31:17]} Nc6 {[%clk 1:31:17]} 4. g3
{[%clk 1:30:31]} Nf6 {[%clk 1:31:26]} 5. Bg2 {[%clk 1:30:43]} d5 {[%clk 1:29:29]}
6. cxd5 {[%clk 1:30:01]} exd5 {[%clk 1:29:56]} 7. d4 {[%clk 1:30:20]} Be6
{[%clk 1:24:54]} 8. O-O {[%clk 1:26:49]} Rc8 {[%clk 1:18:07]} 9. Be3
{[%clk 1:18:17]} b6 {[%clk 1:04:48]} 10. h3 {[%clk 1:11:26]} h6 {[%clk 1:00:09]}
11. Rc1 {[%clk 1:09:43]} cxd4 {[%clk 0:47:15]} 12. Nxd4 {[%clk 1:08:02]} Nxd4
{[%clk 0:43:52]} 13. Bxd4 {[%clk 1:07:33]} Be7 {[%clk 0:36:54]} 14. Qa4+
{[%clk 1:01:07]} Qd7 {[%clk 0:35:51]} 15. Qxd7+ {[%clk 0:51:43]} Kxd7
{[%clk 0:36:09]} 16. Rfd1 {[%clk 0:52:03]} Rhd8 {[%clk 0:30:39]} 17. Bxf6
{[%clk 0:45:00]} Bxf6 {[%clk 0:29:15]} 18. Bxd5 {[%clk 0:43:44]} Ke7
{[%clk 0:24:50]} 19. Bxe6 {[%clk 0:38:59]} Rxd1+ {[%clk 0:23:59]} 20. Rxd1
{[%clk 0:38:42]} fxe6 {[%clk 0:22:41]} 21. Rd3 {[%clk 0:35:54]} a6
{[%clk 0:19:40]} 22. Kf1 {[%clk 0:26:23]} b5 {[%clk 0:18:53]} 23. a3
{[%clk 0:25:42]} Rc5 {[%clk 0:14:03]} 24. Ke1 {[%clk 0:23:53]} a5
{[%clk 0:12:43]} 25. Kd2 {[%clk 0:23:01]} Rf5 {[%clk 0:09:44]} 26. Nd1
{[%clk 0:19:56]} Rc5 {[%clk 0:08:03]} 27. e4 {[%clk 0:13:42]} Rc4
{[%clk 0:07:27]} 28. f3 {[%clk 0:14:01]} g5 {[%clk 0:05:41]} 29. b3
{[%clk 0:09:20]} Rc5 {[%clk 0:05:26]} 30. f4 {[%clk 0:07:30]} e5 {[%clk 0:04:26]}
31. f5 {[%clk 0:07:47]} g4 {[%clk 0:03:21]} 32. hxg4 {[%clk 0:07:59]} Bg5+
{[%clk 0:03:39]} 33. Ne3 {[%clk 0:04:43]} b4 {[%clk 0:03:14]} 34. a4
{[%clk 0:03:26]} Rc3 {[%clk 0:03:08]} 35. Rxc3 {[%clk 0:03:20]} bxc3+
{[%clk 0:03:34]} 36. Kd3 {[%clk 0:03:47]} Kd6 {[%clk 0:02:52]} 37. Nc4+
{[%clk 0:03:55]} Kc5 {[%clk 0:03:02]} 38. Kxc3 {[%clk 0:04:18]} 1-0

[Event "MSR_ch20"]
[Site "?"]
[Date "2024.04.08"]
[Round "5.14"]
[White "Kulich, Daniel"]
[Black "Loffay, Pavol"]
[Result "1-0"]
[BlackElo "1803"]
[WhiteElo "1941"]
[LiveChessVersion "1.4.8"]

1. d4 {[%clk 1:30:58]} f5 {[%clk 1:30:54]} 2. Bg5 {[%clk 1:31:21]} g6
{[%clk 1:30:30]} 3. Nc3 {[%clk 1:31:43]} Bg7 {[%clk 1:30:51]} 4. e4
{[%clk 1:29:25]} fxe4 {[%clk 1:31:05]} 5. Nxe4 {[%clk 1:29:48]} Nf6
{[%clk 1:30:44]} 6. Nxf6+ {[%clk 1:30:10]} exf6 {[%clk 1:29:28]} 7. Be3
{[%clk 1:30:34]} d5 {[%clk 1:28:41]} 8. Bd3 {[%clk 1:29:59]} c6 {[%clk 1:27:00]}
9. c3 {[%clk 1:30:20]} Qc7 {[%clk 1:25:32]} 10. Ne2 {[%clk 1:29:54]} Be6
{[%clk 1:23:13]} 11. Qc2 {[%clk 1:27:30]} Qf7 {[%clk 1:20:57]} 12. h3
{[%clk 1:26:30]} Nd7 {[%clk 1:20:17]} 13. Nf4 {[%clk 1:24:14]} f5
{[%clk 1:19:45]} 14. Be2 {[%clk 1:18:57]} Nf6 {[%clk 1:15:41]} 15. Nd3
{[%clk 1:13:31]} Ne4 {[%clk 1:12:54]} 16. Bf4 {[%clk 1:12:33]} O-O
{[%clk 1:02:40]} 17. f3 {[%clk 1:10:27]} Nf6 {[%clk 0:58:44]} 18. Ne5
{[%clk 1:10:42]} Qe7 {[%clk 0:53:00]} 19. O-O {[%clk 1:05:34]} Nd7
{[%clk 0:50:17]} 20. Nxd7 {[%clk 1:01:41]} Bxd7 {[%clk 0:50:06]} 21. Rfe1
{[%clk 1:01:45]} Qh4 {[%clk 0:46:44]} 22. Qd2 {[%clk 0:57:09]} Qf6
{[%clk 0:44:25]} 23. Bg5 {[%clk 0:55:21]} Qf7 {[%clk 0:44:35]} 24. Ba6
{[%clk 0:44:29]} Bf6 {[%clk 0:37:13]} 25. Bxb7 {[%clk 0:40:41]} Rab8
{[%clk 0:36:12]} 26. Ba6 {[%clk 0:39:10]} Rfe8 {[%clk 0:34:51]} 27. Rxe8+
{[%clk 0:38:53]} Rxe8 {[%clk 0:35:15]} 28. Bxf6 {[%clk 0:39:18]} Qxf6
{[%clk 0:35:37]} 29. Bd3 {[%clk 0:38:29]} f4 {[%clk 0:32:50]} 30. Re1
{[%clk 0:38:21]} Rxe1+ {[%clk 0:31:44]} 31. Qxe1 {[%clk 0:38:46]} Kf7
{[%clk 0:32:00]} 32. Kf1 {[%clk 0:37:06]} h5 {[%clk 0:31:12]} 33. Qe2
{[%clk 0:35:25]} g5 {[%clk 0:29:11]} 34. Bc2 {[%clk 0:26:21]} Bf5
{[%clk 0:18:55]} 35. Bxf5 {[%clk 0:25:58]} Qxf5 {[%clk 0:19:04]} 36. a3
{[%clk 0:26:26]} a5 {[%clk 0:16:32]} 37. Kg1 {[%clk 0:23:51]} Qb1+
{[%clk 0:13:10]} 38. Kh2 {[%clk 0:23:52]} Qf5 {[%clk 0:13:29]} 39. a4
{[%clk 0:17:42]} h4 {[%clk 0:08:07]} 40. b4 {[%clk 0:15:48]} axb4
{[%clk 0:06:27]} 41. cxb4 {[%clk 0:16:07]} Qb1 {[%clk 0:05:32]} 42. b5
{[%clk 0:16:06]} cxb5 {[%clk 0:05:08]} 43. axb5 {[%clk 0:16:25]} Qb3
{[%clk 0:04:54]} 44. Qe5 {[%clk 0:15:55]} Kg6 {[%clk 0:04:44]} 45. Qe6+
{[%clk 0:15:25]} Kg7 {[%clk 0:03:12]} 46. b6 {[%clk 0:15:26]} Qe3
{[%clk 0:03:07]} 47. Qxe3 {[%clk 0:15:15]} fxe3 {[%clk 0:03:18]} 48. Kg1 1-0

[Event "MSR_ch20"]
[Site "?"]
[Date "2024.04.08"]
[Round "5.15"]
[White "Jurky, Marian"]
[Black "Svorad, Tomas"]
[Result "1-0"]
[BlackElo "1746"]
[WhiteElo "1874"]
[LiveChessVersion "1.4.8"]

1. d4 {[%clk 1:30:56]} Nf6 {[%clk 1:28:42]} 2. Nf3 {[%clk 1:31:07]} d5
{[%clk 1:27:15]} 3. Bf4 {[%clk 1:29:48]} c5 {[%clk 1:25:12]} 4. c3
{[%clk 1:30:07]} Nc6 {[%clk 1:23:29]} 5. e3 {[%clk 1:30:28]} Qb6 {[%clk 1:21:33]}
6. Qb3 {[%clk 1:29:32]} c4 {[%clk 1:21:34]} 7. Qxb6 {[%clk 1:28:13]} axb6
{[%clk 1:21:55]} 8. Nbd2 {[%clk 1:28:23]} Bf5 {[%clk 1:14:50]} 9. Nh4
{[%clk 1:26:47]} e6 {[%clk 1:06:02]} 10. Nxf5 {[%clk 1:25:41]} exf5
{[%clk 1:06:04]} 11. g3 {[%clk 1:24:18]} b5 {[%clk 1:04:32]} 12. Bg2
{[%clk 1:21:55]} b4 {[%clk 0:56:27]} 13. O-O {[%clk 1:20:43]} Ne4
{[%clk 0:50:05]} 14. Nxe4 {[%clk 1:14:36]} fxe4 {[%clk 0:49:05]} 15. Rfb1
{[%clk 1:14:48]} b5 {[%clk 0:35:57]} 16. a3 {[%clk 1:08:23]} b3 {[%clk 0:35:46]}
17. f3 {[%clk 1:08:03]} f5 {[%clk 0:33:50]} 18. fxe4 {[%clk 1:07:52]} dxe4
{[%clk 0:33:11]} 19. d5 {[%clk 1:00:03]} Ne7 {[%clk 0:32:35]} 20. Rd1
{[%clk 0:51:11]} Kd7 {[%clk 0:27:50]} 21. d6 {[%clk 0:47:25]} Nc8
{[%clk 0:28:02]} 22. Rd5 {[%clk 0:47:39]} g6 {[%clk 0:23:04]} 23. Rad1
{[%clk 0:46:36]} Ra6 {[%clk 0:20:41]} 24. Rxb5 {[%clk 0:46:26]} Bxd6
{[%clk 0:20:16]} 25. Bf1 {[%clk 0:41:26]} Na7 {[%clk 0:14:07]} 26. Bxc4
{[%clk 0:37:17]} Kc7 {[%clk 0:10:20]} 27. Rc5+ {[%clk 0:36:45]} 1-0

[Event "MSR_ch20"]
[Site "?"]
[Date "2024.04.08"]
[Round "5.16"]
[White "Sustek, Adam"]
[Black "Duda, Daniel"]
[Result "0-1"]
[BlackElo "1654"]
[WhiteElo "1910"]
[LiveChessVersion "1.4.8"]

1. d4 {[%clk 1:30:32]} Nf6 {[%clk 1:30:46]} 2. Bf4 {[%clk 1:30:48]} c5
{[%clk 1:30:30]} 3. d5 {[%clk 1:21:14]} Qb6 {[%clk 1:22:47]} 4. Be5
{[%clk 0:55:07]} d6 {[%clk 1:13:27]} 5. Bxf6 {[%clk 0:53:03]} exf6
{[%clk 1:13:43]} 6. b3 {[%clk 0:51:45]} g6 {[%clk 1:06:21]} 7. c4
{[%clk 0:48:57]} Bg7 {[%clk 1:03:12]} 8. Nc3 {[%clk 0:48:33]} Na6
{[%clk 0:58:28]} 9. Qd2 {[%clk 0:40:18]} O-O {[%clk 0:55:16]} 10. e3
{[%clk 0:35:23]} Bf5 {[%clk 0:47:20]} 11. Bd3 {[%clk 0:29:42]} Bxd3
{[%clk 0:46:40]} 12. Qxd3 {[%clk 0:30:11]} Rae8 {[%clk 0:42:26]} 13. Nge2
{[%clk 0:28:44]} f5 {[%clk 0:39:31]} 14. Qd2 {[%clk 0:28:25]} Re7
{[%clk 0:35:14]} 15. O-O {[%clk 0:27:33]} Rfe8 {[%clk 0:30:40]} 16. Rab1
{[%clk 0:25:17]} Qa5 {[%clk 0:24:26]} 17. Rfc1 {[%clk 0:24:36]} Bh6
{[%clk 0:11:26]} 18. Qc2 {[%clk 0:22:05]} Nb4 {[%clk 0:07:40]} 19. Qd2
{[%clk 0:20:53]} Rxe3 {[%clk 0:07:32]} 20. f4 {[%clk 0:18:10]} Nxa2
{[%clk 0:04:04]} 21. Qxa2 {[%clk 0:15:28]} Qxa2 {[%clk 0:04:08]} 22. Nxa2
{[%clk 0:15:57]} Rxe2 {[%clk 0:04:27]} 23. Nc3 {[%clk 0:15:47]} R2e7
{[%clk 0:03:11]} 24. g3 {[%clk 0:15:54]} a6 {[%clk 0:03:16]} 25. b4
{[%clk 0:15:19]} Bg7 {[%clk 0:02:43]} 26. Na4 {[%clk 0:07:37]} b5
{[%clk 0:01:29]} 27. bxc5 {[%clk 0:07:12]} dxc5 {[%clk 0:01:26]} 28. cxb5
{[%clk 0:07:17]} axb5 {[%clk 0:01:41]} 29. Nxc5 {[%clk 0:06:45]} Bd4+
{[%clk 0:01:02]} 30. Kg2 {[%clk 0:06:33]} Rc7 {[%clk 0:00:39]} 31. Rxb5
{[%clk 0:03:50]} Rec8 {[%clk 0:00:50]} 32. d6 {[%clk 0:04:08]} Rxc5
{[%clk 0:00:45]} 33. Rbxc5 {[%clk 0:03:58]} Bxc5 {[%clk 0:00:33]} 34. d7
{[%clk 0:03:43]} Rd8 {[%clk 0:00:59]} 35. Rxc5 {[%clk 0:04:02]} Rxd7
{[%clk 0:01:26]} 36. h4 {[%clk 0:02:36]} Kg7 {[%clk 0:01:14]} 37. Rc6
{[%clk 0:01:58]} h6 {[%clk 0:00:50]} 38. Kf3 {[%clk 0:01:13]} Rb7
{[%clk 0:00:40]} 39. Ra6 {[%clk 0:01:19]} Rb4 {[%clk 0:00:43]} 40. Ra5
{[%clk 0:00:39]} Rb3+ {[%clk 0:00:44]} 41. Kf2 {[%clk 0:01:06]} Rb4
{[%clk 0:29:29]} 42. Kf3 {[%clk 0:29:13]} Rb7 {[%clk 0:27:48]} 43. Ra6
{[%clk 0:25:49]} Re7 {[%clk 0:28:11]} 44. Ra5 {[%clk 0:23:05]} Kf6
{[%clk 0:28:32]} 45. Ra6+ {[%clk 0:23:04]} Re6 {[%clk 0:28:57]} 46. Ra7
{[%clk 0:23:21]} g5 {[%clk 0:29:08]} 47. fxg5+ {[%clk 0:23:30]} hxg5
{[%clk 0:29:31]} 48. hxg5+ {[%clk 0:23:53]} Kg6 {[%clk 0:29:59]} 49. Rb7
{[%clk 0:16:36]} Re4 {[%clk 0:29:20]} 50. Ra7 {[%clk 0:13:01]} Rg4
{[%clk 0:29:15]} 51. Ra8 {[%clk 0:12:49]} Rxg5 {[%clk 0:27:43]} 52. Ra4
{[%clk 0:11:26]} Kf6 {[%clk 0:22:13]} 53. Ra6+ {[%clk 0:11:19]} Kg7
{[%clk 0:22:31]} 54. Ra5 {[%clk 0:10:13]} f6 {[%clk 0:19:33]} 55. Ra4
{[%clk 0:09:42]} Kg6 {[%clk 0:14:28]} 56. g4 {[%clk 0:08:10]} Kh6
{[%clk 0:11:50]} 57. gxf5 {[%clk 0:07:35]} Rxf5+ {[%clk 0:12:00]} 58. Kg4
{[%clk 0:07:51]} Rf1 {[%clk 0:09:02]} 59. Ra6 {[%clk 0:07:36]} Kg6
{[%clk 0:09:18]} 60. Rb6 {[%clk 0:07:04]} Rc1 {[%clk 0:08:53]} 61. Ra6
{[%clk 0:06:53]} Rc4+ {[%clk 0:09:14]} 62. Kf3 {[%clk 0:07:22]} Kg5
{[%clk 0:09:02]} 63. Ra5+ {[%clk 0:05:42]} f5 {[%clk 0:09:19]} 64. Ra8
{[%clk 0:05:51]} Rc3+ {[%clk 0:09:41]} 65. Kf2 {[%clk 0:06:07]} Kg4
{[%clk 0:09:57]} 66. Rg8+ {[%clk 0:06:12]} Kf4 {[%clk 0:10:22]} 67. Rf8
{[%clk 0:06:37]} Rc2+ {[%clk 0:10:26]} 68. Kf1 {[%clk 0:06:24]} Kg4
{[%clk 0:09:59]} 69. Ra8 {[%clk 0:02:01]} f4 {[%clk 0:09:34]} 70. Ke1
{[%clk 0:00:38]} Kg3 {[%clk 0:09:07]} 71. Rb8 {[%clk 0:00:34]} Rc1+
{[%clk 0:05:49]} 72. Kd2 {[%clk 0:00:36]} Ra1 {[%clk 0:05:42]} 73. Rg8+
{[%clk 0:00:43]} Kf2 {[%clk 0:04:57]} 74. Rf8 {[%clk 0:00:40]} f3
{[%clk 0:02:43]} 75. Rf7 {[%clk 0:00:46]} Rg1 {[%clk 0:01:42]} 76. Kd3
{[%clk 0:00:33]} Rg3 {[%clk 0:01:40]} 77. Kd4 0-1